00345nam a2200133Ia 4500008004100000020001800041041000800059082001500067100001300082245006700095260003000162300000900192500001000201220803s9999 xx 000 0 und d a9780415360890 aeng a720.47 THO aThomas R aEnvironments Of Architecture : Environmental Design In Context aNew YorkbRoutledgec2007 a234p aARCHI